000 00523nam a2200157 4500
001 133233
003 ES-MaACL
005 20230906194343.0
007 t|
008 070214s1920 sp r ||||1| spa d
100 1 _aRubio Esteban, Julián María.
_9100404
245 1 3 _aLa infanta Carlota Joaquina y la política de España en América
_b: (1808-1812) /
_cpor Julián María Rubio.
260 _aMadrid :
_bEstanislao Maestre,
_c1920.
300 _aXII, 304 p. :
_bil. = ret. ;
_c26 x 18 cm.
852 _aES-MaACL
_jG-922
999 _c133233
_d133233